Normal view
MARC view
Entry Personal Name
001 - CONTROL NUMBER
- control field: 22422
003 - CONTROL NUMBER IDENTIFIER
- control field: ARRUPE
005 - DATE AND TIME OF LATEST TRANSACTION
- control field: 20160223114342.0
008 - FIXED-LENGTH DATA ELEMENTS
- fixed length control field: 160223|| aca||aabn | a|a d
040 ## - CATALOGING SOURCE
- Original cataloging agency: ARRUPE
- Transcribing agency: ARRUPE
100 ## - HEADING--PERSONAL NAME
- Personal name: Gardner, Martin
- Relator term: ed.
670 ## - SOURCE DATA FOUND
- Source citation: Work cat.: (ARRUPE)0: Carnap, Rudolf, 1891-1970. 22420, Philosophical foundations of physics;, 1966